Zdaňovanie príjmov právnických osôb v SR v porovnaní s krajinami EÚ diplomová práca

Salvato in:
Dettagli Bibliografici
Autore principale: Švecová, Lucia
Ente Autore: Podnikovohospodárska fakulta EU so sídlom v Košiciach. Katedra finančného riadenia podniku
Altri autori: Feranecová, Adela, 1986-
Natura: Libro
Lingua:slovacco
Pubblicazione: Košice 2016
Tags: Aggiungi Tag
Nessun Tag, puoi essere il primo ad aggiungerne!!

MARC

LEADER 00000nbm a2200000 4500
001 0217501
005 20161213103442.2
041 0 |a slo 
044 |a SK 
245 1 0 |a Zdaňovanie príjmov právnických osôb v SR v porovnaní s krajinami EÚ  |b diplomová práca  |c Lucia Švecová ; školiteľ: Adela Feranecová 
264 1 |a Košice  |c 2016 
300 |a 77 s. 
100 1 |a Švecová, Lucia 
700 1 |a Feranecová, Adela, 1986- 
710 2 |a Podnikovohospodárska fakulta EU so sídlom v Košiciach. Katedra finančného riadenia podniku